LEADER 01040nam a2200253 a 4500 001 991002170719707536 008 020 $a8849802536 035 $ab1348641x-39ule_inst 040 $aDip.to Studi storici$bita 082 $a355.00945 245 10$aAl di là della storia militare :$buna ricognizione sulle fonti :$b seminario di studi, Messina, 12-13 novembre 1999 /$ca cura di Livio Antonielli e Claudio Donati 260 $aSoveria Mannelli:$bRubbettino, $cc2004 300 $a242 p. ;$c24 cm 440 0$aStato, esercito e controllo del territorio ;$v3 650 4$aStoria militare$zItalia$ySec.16.-18. 700 1 $aAntonielli, Livio 700 1 $aDonati, Claudio 907 $a.b1348641x$b02-04-14$c21-02-07 912 $a991002170719707536 945 $aLE023 355 ANT 1 1 $g1$i2023000091555$lle023$o-$pE12.00$q-$rl$s- $t0$u0$v0$w0$x0$y.i14380377$z27-02-07 996 $aAl di là della storia militare$91096209 997 $aUNISALENTO 998 $ale023$b - - $cm$da $e-$fita$git $h0$i0 LEADER 01090nam a2200277 i 4500 001 991003415419707536 008 021218s2002 flu 000 0 eng 020 $a158488147X 035 $ab11804464-39ule_inst 040 $aFac. Economia$bita 082 00$a507.27$221 100 1 $aRosenblatt, Judah I.$q(Judah Isser),$d1931-$0531102 245 10$aBasic statistical methods and models for the sciences /$cJudah Rosenblatt 260 $aBoca Raton, Fla. :$bChapman & Hall/CRC,$cc2002 300 $a282 p. :$bill. ;$c25 cm. 504 $aIncludes bibliographical references (p. 235) and index. 650 0$aStatistics 650 0$aScience$xStatistical methods 650 2$aStatistics 650 2$aScience$xstatistics & numerical data 907 $a.b11804464$b09-03-22$c18-12-02 912 $a991003415419707536 945 $aLE025 ECO 507 ROS01.01$g1$i2025000085398$lle025$o-$pE0.00$q-$rl$s- $t0$u0$v0$w0$x0$y.i12052644$z18-12-02 996 $aBasic statistical methods and models for the sciences$9907428 997 $aUNISALENTO 998 $ale025$b18-12-02$cm$da $e-$feng$gflu$h0$i1 LEADER 01572nam 2200409 a 450 001 9910695125503321 005 20060711124905.0 035 $a(CKB)5470000002367478 035 $a(OCoLC)70278527 035 $a(EXLCZ)995470000002367478 100 $a20060711d2006 ua 0 101 0 $aeng 135 $aurmn|---||||| 181 $ctxt$2rdacontent 182 $cc$2rdamedia 183 $acr$2rdacarrier 200 10$aHomeland Security$b[electronic resource] $emanagement and coordination problems increase the vulnerability of U.S. agriculture to foreign pests and disease : report to congressional requesters 210 1$a[Washington, D.C.] :$cU.S. Government Accountability Office,$d[2006] 215 $a69 pages $cdigital, PDF file 300 $aTitle from title screen (viewed on June 15, 2006). 300 $a"May 2006." 300 $aPaper version available from: U.S. Government Accountability Office, 441 G St., NW, Rm. LM, Washington, D.C. 20548. 300 $a"GAO-06-644." 320 $aIncludes bibliographical references. 517 $aHomeland Security 606 $aIntroduced organisms$zUnited States$xPrevention 606 $aNonindigenous pests$zUnited States$xPrevention 606 $aBiological invasions$zUnited States$xPrevention 615 0$aIntroduced organisms$xPrevention. 615 0$aNonindigenous pests$xPrevention. 615 0$aBiological invasions$xPrevention. 801 0$bGPO 801 1$bGPO 906 $aBOOK 912 $a9910695125503321 996 $aHomeland Security$91686681 997 $aUNINA